Wird geladen...

Transfer of property act /

Bibliographische Detailangaben
1. Verfasser: S.N.Shukla
Format: Printed Book
Sprache:English
Veröffentlicht: Allahabad: Allahabad Law agency, 1991.
Ausgabe:20th rev. ed.
LEADER 00564cam a2200181ua 4500
008 060815t1991||||||||||| 00 ||eng c
041 0 |a eng 
082 |a 346.043 6 SNS/T 
100 0 |a S.N.Shukla,  
245 0 0 |a Transfer of property act /  
250 |a 20th rev. ed. 
260 |a Allahabad:  |b Allahabad Law agency,  |c 1991. 
300 |a xi, 347p.. 
362 1 |a 1991. 
365 |a Rs.65/-  |e PB 
942 |c BK 
999 |c 7512  |d 7512 
952 |0 0  |1 0  |4 0  |6 346_043000000000000_6_SNST  |7 0  |9 7857  |a KUCL  |b KUCL  |d 2014-05-23  |l 0  |o 346.043 6 SNS/T  |p 00762  |r 2014-05-23  |w 2014-05-23  |y BK  |f 00000